000 00693nam a2200193Ia 4500
003 GCL
008 140319s9999 xx 000 0 ara d
040 _aGCL /
_cGCL
082 0 4 _a001.6424
_bم م
100 1 _aمجدى محمد ابوالعطا
245 1 0 _aالمرجع الاساسى لقاعدة البيانات clipper /
_cمجدى محمد ابوالعطا
260 _a[S.N] :
_bشبكة الكمبيوتر الشخصى ،
_c1993
300 _a741 ص
490 _aسلسلة تيسير علوم الحاسب
_v0
650 0 4 _aالحاسبات الالكترونية
650 0 4 _aكليبر
650 0 4 _aبرامج الحاسبات الالكترونية
942 _2ddc
_cBK
999 _c48071
_d48071